| 000 | 00481nam a2200133Ia 4500 | ||
|---|---|---|---|
| 008 | 171207s9999 xx 000 0 und d | ||
| 100 | _aMahmood, Sajjad | ||
| 245 | _aKey factors that influence task allocation in global software development | ||
| 245 | _cSajjad Mahmood, Sajid Anwer, Mahmood Niazi, Mohammad Alshayeb, Ita Richardson | ||
| 260 | _c2017 | ||
| 300 | _apages 102-122, April 2017 | ||
| 440 |
_aInformation and Software Technology _v91: |
||
| 650 | _aSOFTWARE TECHNLOGY | ||
| 999 |
_c347623 _d347623 |
||